Normal view
MARC view
- Witt, Robert Clermont
Entry Personal Name
001 - CONTROL NUMBER
- control field: 107311
003 - CONTROL NUMBER IDENTIFIER
- control field: NUST
005 - DATE AND TIME OF LATEST TRANSACTION
- control field: 20230120190558.0
008 - FIXED-LENGTH DATA ELEMENTS
- fixed length control field: 230120|| aca||aabn | a|a d
040 ## - CATALOGING SOURCE
- Original cataloging agency: NUST
- Transcribing agency: NUST
100 ## - HEADING--PERSONAL NAME
- Personal name: Witt, Robert Clermont
670 ## - SOURCE DATA FOUND
- Source citation: Work cat.: (NUST)185230: Witt, Robert Clermont , How to look at pictures /, 1945
